2026 FIFA World Cup Head Coaches - Statistics

General Stats
  • This quiz has been taken 20 times
  • The average score is 14 of 48
Answer Stats
Country Coach % Correct
Brazil Carlo Ancelotti
89%
France Didier Deschamps
79%
England Thomas Tuchel
79%
Argentina Lionel Scaloni
74%
Portugal Roberto Martínez
74%
Germany Julian Nagelsmann
63%
Spain Luis de la Fuente
58%
Netherlands Ronald Koeman
58%
Curaçao Dick Advocaat
53%
Sweden Graham Potter
53%
Austria Ralf Rangnick
47%
Uzbekistan Fabio Cannavaro
37%
Uruguay Marcelo Bielsa
37%
Switzerland Murat Yakin
37%
Belgium Rudi Garcia
37%
Scotland Steve Clarke
37%
Turkey Vincenzo Montella
37%
Croatia Zlatko Dalić
37%
South Africa Hugo Broos
32%
Iraq Graham Arnold
26%
Japan Hajime Moriyasu
26%
Norway Ståle Solbakken
26%
Ghana Carlos Queiroz
21%
Ivory Coast Emerse Faé
21%
Mexico Javier Aguirre
21%
Canada Jesse March
21%
Qatar Julen Lopetegui
21%
Senegal Pape Thiaw
21%
Saudi Arabia Georgios Donis
16%
Egypt Hossam Hassan
16%
Morocco Mohamed Ouahbi
16%
Tunisia Sabri Lamouchi
16%
Bosnia & Herzegovina Sergej Barbarez
16%
Australia Tony Popovic
16%
Algeria Vladimir Petković
16%
Cape Verde Bubista
11%
Paraguay Gustavo Alfaro
11%
South Korea Hong Myung-bo
11%
United States of America Mauricio Pochettini
11%
Colombia Néstor Lorenzo
11%
Ecuador Sebastián Beccacece
11%
DR Congo Sébastien Desabre
11%
Panama Thomas Christiansen
11%
Czechia Miroslav Koubek
5%
Haiti Sébastien Migné
5%
Iran Amir Ghalenoei
0%
New Zealand Darren Bazeley
0%
Jordan Jamal Sellami
0%
No matching quizzes found
Score Distribution
Percent of People with Each Score
Percentile by Number Answered
Your Score History
You have not taken this quiz